Tony's Awsome Quiz - Statistics

General Stats
  • This quiz has been taken 7 times
  • The average score is 5 of 8
Answer Stats
Hint Answer % Correct
What is 9+10? 19
100%
Who isn't tuff? me
100%
Is this a cool quiz? yes
100%
What is the best type of cheese? Mozzarella
67%
What is the nectar of the gods? Dr. Pepper
33%
What is the best food? Sushi
33%
Who is tuff? TonyVII
33%
Who is a Knight of great renown? Zote
33%
No matching quizzes found
Score Distribution
Percent of People with Each Score
Percentile by Number Answered
Your Score History
You have not taken this quiz